000 01167pam a2200361 a 4500
001 496
003 FISKH
005 20250828102801.0
008 940413s1994 ilua j 000 1 eng
010 _a 94012245
020 _a0516053655
020 _a9780516229270
040 _aDLC
_cDLC
_dDLC
_dFISKH
_beng
042 _alcac
050 0 0 _aPZ8.3.P125
_bIab 1994
082 0 0 _a451
_220
100 1 _aPackard, Mary.
245 1 0 _aI am king! /
_cwritten by Mary Packard ; illustrated by Leonid Gore.
260 _aChicago :
_bChildrens Press,
_c1994.
300 _a31 pages :
_bcolor illustrations :
_c21 cm.
440 0 _aMy first reader
505 _aD
520 _aA little boy imagines he is a king in a castle, commanding his army.
521 8 _a190
_bLexile
521 8 _aD
_bRaz-Plus
650 1 _aKings, queens, rulers, etc.
_xFiction.
650 1 _aImagination
_xFiction.
650 1 _aStories in rhyme.
700 1 _aGore, Leonid,
_eill.
906 _a7
_bcbc
_corignew
_d1
_eocip
_f19
_gy-gencatlg
942 _2ddc
_cBK
_n0
999 _c496
_d496